|
|
|
|
| LEADER |
00000nab a2200000uu 4500 |
| 001 |
vtls011480823 |
| 003 |
SK-MaSNL |
| 005 |
20260303154346.0 |
| 008 |
230222|2004 xo |||||||||||||||||eng| |
| 015 |
|
|
|a SNBRB
|
| 035 |
|
|
|a (urnnbn)urn:nbn:sk:snk:ar-005dbm
|
| 035 |
|
|
|a (uuid)0dff639d-e2a8-4a92-b131-ca0cc9304447
|
| 035 |
|
|
|a urn:nbn:sk:snk-abd8a9
|
| 040 |
|
|
|a SNKBUCL
|b slo
|c SNKBUCL
|e AACR2
|
| 041 |
0 |
|
|a eng
|
| 044 |
|
|
|a xo
|c SK
|
| 100 |
1 |
|
|a Zahálka, F.
|4 aut
|9 774587
|
| 245 |
1 |
0 |
|a INFLUENCE OF HIGH TEMPERATURE ON MICROSTRUCTURE AND PROPERTIES OF THERMALLY SPRAYED COATINGS
|c O. Bláhová, R. Enžl, F. Zahálka
|
| 246 |
3 |
|
|a VPLYV VYSOKEJ TEPLOTY NA MIKROŠTRUKTÚRU A VLASTNOSTI TEPELNE STRIEKANÝCH POVLAKOV
|
| 700 |
1 |
|
|a Bláhová, O.
|4 aut
|9 774567
|
| 700 |
1 |
|
|a Enžl, R.
|4 aut
|9 787440
|
| 773 |
0 |
|
|t Acta Metallurgica Slovaca : časopis Hutníckej fakulty Technickej univerzity Košice
|g Roč. 10, č. 1 (2004), s. 964-967
|
| 958 |
|
|
|a OND
|
| 958 |
|
|
|a EUIPO
|
| 958 |
|
|
|a article18
|
| 999 |
|
|
|c 2033721
|d 2035651
|